000 01044nam a2200289 a 4500
001 60719
003 BD-RjUL
005 20211209080857.0
008 170102s1998 enk b 001 0 eng
020 _a0080433421 (hard)
020 _a0080433545 (pbk.)
035 _a(BD-RjUL)60843
040 _aBD-RjUL
_cBD-RjUL
_dBD-RjUL
_beng
041 _aeng
082 0 0 _a378.101
_223
_bCLC 1998
100 1 _aClark, Burton R.
_9180909
245 1 0 _aCreating entrepreneurial universities :
_borganizational pathways of transformation /
_cBurton R. Clark.
250 _a1st ed.
260 _aOxford ;
_aNew York :
_bPublished for the IAU Press by Pergamon Press,
_cc1998.
300 _axvi, 163 p. ;
_c24 cm.
490 1 _aIssues in higher education
504 _aIncludes bibliographical references (p. 149-154) and index.
650 0 _aUniversities and colleges
_zEurope
_xAdministration
_xCase studies.
_9180910
650 0 _aEducational change
_zEurope
_xCase studies.
_9180911
830 0 _aIssues in higher education
_9180912
942 _2ddc
_cBK
999 _c60719
_d60719